书目信息 |
| 题名: |
马歇尔
|
|
| 作者: | 莫斯利 著 ;蒋恺 , 施家鼎 , 奚博铨 译 | |
| 分册: | ||
| 出版信息: | 北京 解放军出版社 1987 |
|
| 页数: | 574页 | |
| 开本: | 19cm | |
| 丛书名: | 外国著名军事人物 | |
| 单 册: | ||
| 中图分类: | K837.125.2 | |
| 科图分类: | ||
| 主题词: | 历史 , 地理 | |
| 电子资源: | ||
| ISBN: | 7-5065-0161-9 | |
| 000 | 01070nam2 2200361 45 | |
| 001 | 0187008595 | |
| 005 | 20040510172450.1 | |
| 010 | @a7-5065-0161-9@dCNY5.80 | |
| 100 | @a19900830d1987 mk y0chiy0121 ea | |
| 101 | 1 | @achi@ceng |
| 102 | @aCN@b110000 | |
| 105 | @ay z 000yb | |
| 106 | @ar | |
| 200 | 10 | @a马歇尔@Ama xie er@f(英)莫斯利著@g蒋恺等译 |
| 210 | @a北京@c解放军出版社@d1987 | |
| 215 | @a574页@d19cm | |
| 225 | 2 | @a外国著名军事人物 |
| 300 | @a附马歇尔生平大事年表 | |
| 300 | @a书名原文: Marshall—hero for our times. | |
| 304 | @a伦纳德·莫斯利(1913~)英国著名的历史学家、传记作家和小说家 | |
| 410 | 0 | @120010@a外国著名军事人物 |
| 510 | 1 | @aMarshall—hero for our times |
| 600 | 1 | @a马歇尔@x生平事迹@y美国 |
| 606 | 0 | @a历史 |
| 606 | 0 | @a地理 |
| 690 | @aK837.125.2 | |
| 701 | 1 | @a莫斯利@Amo si li@bL.@4著 |
| 702 | 0 | @a蒋恺@Ajiang kai@4译 |
| 702 | 0 | @a施家鼎@Ashi jia ding@4译 |
| 702 | 0 | @a奚博铨@Axi bo quan@4译 |
| 801 | 0 | @aCN@b深圳图书馆@c20040510 |
| 801 | 2 | @aCN@bNLC@c20040510 |
| 905 | @f3@b250444-446@dK837.125.2@e284 | |
| 马歇尔/(英)莫斯利著/蒋恺等译.-北京:解放军出版社,1987 |
| 574页;19cm.-(外国著名军事人物) |
| 附马歇尔生平大事年表.-书名原文: Marshall—hero for our times. |
| ISBN 7-5065-0161-9:CNY5.80 |
| ● |
| 相关链接 |
|
|
|
|
正题名:马歇尔
索取号:K837.125.2/284
 
预约/预借
| 序号 | 登录号 | 条形码 | 馆藏地/架位号 | 状态 | 备注 |
| 1 | 0250444 | 001547115 | 密集书库/ [索取号:K837.125.2/284] | 在馆 | |
| 2 | 0250445 | 001547106 | 密集书库/ [索取号:K837.125.2/284] | 在馆 | |
| 3 | 0250446 | 001547124 | 密集书库/ [索取号:K837.125.2/284] | 在馆 | |
| 4 | 0250447 | 001547133 | 第二样本阅览室/ [索取号:K837.125.2/284] | 在馆 |